Finančné deriváty na slovenskom finančnom trhu

Gespeichert in:
Bibliographische Detailangaben
1. Verfasser: Markovič, Peter, 1974-
Format: Buchkapitel
Sprache:Slowakisch
Tags: Tag hinzufügen
Keine Tags, Fügen Sie das erste Tag hinzu!

MARC

LEADER 00000naa$a2200000$$$4500
001 0144570
005 20240502083334.4
041 0 |a slo 
044 |a CZ 
245 1 0 |a Finančné deriváty na slovenskom finančnom trhu  |c Peter Markovič 
100 1 |a Markovič, Peter, 1974-